Statistics for Asia Map Quiz

Click here to take the quiz!

General Stats

  • This quiz has been taken 323,557 times
  • The average score is 33 of 48

Answer Stats

Answer % Correct
China
96%
South Korea
92%
Japan
92%
North Korea
91%
Mongolia
91%
India
88%
Indonesia
85%
Philippines
84%
Taiwan
81%
Sri Lanka
79%
Saudi Arabia
78%
Nepal
78%
Vietnam
77%
Pakistan
76%
Malaysia
74%
Turkey
74%
Thailand
73%
Iraq
72%
Laos
72%
Oman
72%
Maldives
71%
Bangladesh
71%
Iran
70%
Afghanistan
70%
Myanmar
69%
Cambodia
69%
Singapore
69%
Yemen
67%
Cyprus
67%
Kazakhstan
66%
United Arab
Emirates
66%
East Timor
65%
Bhutan
64%
Israel
64%
Syria
62%
Brunei
61%
Kuwait
58%
Qatar
58%
Jordan
57%
Lebanon
57%
Armenia
53%
Azerbaijan
53%
Bahrain
52%
Uzbekistan
52%
Georgia
49%
Turkmenistan
46%
Tajikistan
45%
Kyrgyzstan
43%

Score Distribution

Percentile by Number Answered

Percent of People with Each Score

Your Score History

You have not taken this quiz